|
|
|
|
| LEADER |
00925cam a2200229 7i4500 |
| 001 |
0000021374 |
| 005 |
20191108090000.0 |
| 008 |
080508 eng |
| 020 |
|
|
|a 9780130083692
|
| 020 |
|
|
|a 0130083690 (hbk.)
|
| 090 |
0 |
0 |
|a QA276.12
|b .A37 2007
|
| 100 |
1 |
|
|a Agresti, Alan
|
| 245 |
1 |
0 |
|a Statistics :
|b the art and science of learning from data
|c Alan Agresti, Christine Franklin.
|
| 260 |
|
|
|a Upper Saddle River, N.J.:
|b Pearson/Prentice Hall,
|c 2007.
|
| 300 |
|
|
|a xxv, 693 p.:
|b ill;
|c 29 cm..
|
| 500 |
|
|
|a Includes index
|
| 501 |
|
|
|a With CD : Statistics : the art and science of learning from data : students resource CD
|
| 650 |
0 |
0 |
|a Statistics
|
| 700 |
1 |
|
|a Franklin, Christine
|
| 997 |
|
|
|a Engineering & Life Sciences, Faculty
|b Engineering, Department
|
| 999 |
|
|
|a 0000029958
|b BOK
|c OPEN SHELF
|e 2nd Floor, Bestari Jaya
|
| 999 |
|
|
|a CDR0001172
|b CD-ROM
|c OPEN SHELF
|e Circulation Counter, Bestari Jaya
|